000 00606nam a2200157 a 4500
001 000031001
005 20200930062636.0
008 110609s2007 dr ac 000 0 spa d
040 _aDO-SdBNP
_bspa
_cBNPHU
245 0 0 _aVidas vividas en riesgo :
_bcaraterizado el vínculo entre violencia contra la mujer y el VIH/SIDA en la República Dominicana /
_cinvestigadora Bethania Betances.
260 _aSanto Domingo :
_bFondo de Población de las Naciones Unidas,
_c2007.
300 _a32 p. :
_bil., retrs. ;
_c30 cm.
504 _aBibliografía : p. 32
700 1 _aBetances, Bethania
_956642
049 _aBNPD
999 _c30493
_d30493